[Event "2. Bundesliga Ost 2017/2018"]
[Site "alle Wien"]
[Date "2018.04.07"]
[Round "10"]
[Board "1"]
[White "Sadilek, Peter"]
[Black "Penz, Harald"]
[Result "0-1"]
[WhiteElo "2298"]
[BlackElo "2311"]
[PlyCount "132"]
[EventDate "2017.10.21"]
[EventType "team"]
[EventRounds "11"]
[EventCountry "AUT"]
[WhiteTeam "tschaturanga"]
[BlackTeam "SK Hietzing"]

1. Nf3 d5 2. c4 e6 3. g3 Nf6 4. d4 Be7 5. Bg2 O-O 6. Qc2 b6 7. O-O Bb7 8. cxd5
exd5 9. Nc3 Nbd7 10. Bf4 Nh5 11. Ne5 Nxf4 12. gxf4 c6 13. Rad1 f6 14. Nd3 Re8
15. b4 b5 16. e4 dxe4 17. Bxe4 Nf8 18. Nc5 Bxc5 19. bxc5 Kh8 20. Nxb5 Ba6 21.
Nd6 Qd7 22. Bf5 Qe7 23. Rfe1 Qxe1+ 24. Rxe1 Rxe1+ 25. Kg2 Bf1+ 26. Kg3 Be2 27.
f3 g6 28. Kf2 Rh1 29. Qc3 gxf5 30. d5 Rxh2+ 31. Kg3 Rh6 32. Nf7+ Kg7 33. Nxh6
Kxh6 34. Qxf6+ Ng6 35. d6 Rf8 36. Qg5+ Kg7 37. d7 h6 38. d8=Q hxg5 39. Qxg5 Bc4
40. a4 a5 41. Kf2 Bd5 42. Qg1 Rb8 43. Qc1 Rb3 44. Qc2 Rxf3+ 45. Ke1 Nxf4 46.
Qb2+ Kg6 47. Qb6 Rc3 48. Kd2 Rd3+ 49. Ke1 Rc3 50. Kd2 Rc4 51. Qxa5 Ne6 52. Qa8
Nxc5 53. a5 Ne4+ 54. Ke2 Nf6 55. a6 c5 56. Qb8 Ra4 57. a7 f4 58. Qb1+ Kf7 59.
Qb8 Ra2+ 60. Kd3 Kg6 61. Qb6 f3 62. Ke3 f2 63. Qb1+ Be4 64. Qxa2 f1=Q 65. a8=Q
Qf3+ 66. Kd2 Bxa8  0-1

[Event "2. Bundesliga Ost 2017/2018"]
[Site "alle Wien"]
[Date "2018.04.07"]
[Round "10"]
[Board "2"]
[White "Djeno, Drago"]
[Black "Morgunov, Marc"]
[Result "0-1"]
[WhiteElo "2238"]
[BlackElo "2203"]
[PlyCount "68"]
[EventDate "2017.10.21"]
[EventType "team"]
[EventRounds "11"]
[EventCountry "AUT"]
[WhiteTeam "SK Hietzing"]
[BlackTeam "tschaturanga"]

1. c4 Nf6 2. Nc3 g6 3. g3 Bg7 4. Bg2 O-O 5. Nf3 d6 6. O-O Nc6 7. d3 e5 8. Rb1
Nh5 9. b4 Nd4 10. b5 Ne6 11. Bd2 f5 12. Qc1 f4 13. e3 g5 14. exf4 exf4 15. Rd1
g4 16. Ne1 Bd4 17. Ne4 fxg3 18. Be3 gxf2+ 19. Nxf2 Qh4 20. Bxd4 Nxd4 21. Qe3 g3
22. hxg3 Nxg3 23. Rb2 Kh8 24. Ne4 Rf1+ 25. Bxf1 Qh1+ 26. Kf2 Qxf1+ 27. Kxg3
Nf5+ 28. Kh2 Nxe3 29. Rdb1 Bf5 30. Ng2 Ng4+ 31. Kh3 Qxd3+ 32. Ng3 Rg8 33. Kh4
Nf2 34. Nxf5 Qh3#  0-1

[Event "2. Bundesliga Ost 2017/2018"]
[Site "alle Wien"]
[Date "2018.04.07"]
[Round "10"]
[Board "3"]
[White "Sadilek, Maximilian"]
[Black "Belke, Frank"]
[Result "0-1"]
[WhiteElo "2271"]
[BlackElo "2299"]
[PlyCount "144"]
[EventDate "2017.10.21"]
[EventType "team"]
[EventRounds "11"]
[EventCountry "AUT"]
[WhiteTeam "tschaturanga"]
[BlackTeam "SK Hietzing"]

1. e4 e6 2. Nf3 d5 3. Nc3 d4 4. Ne2 c5 5. d3 Nc6 6. g3 e5 7. Bg2 Bd6 8. O-O
Nge7 9. Nd2 Be6 10. f4 f6 11. Nf3 Qd7 12. c3 O-O 13. cxd4 exd4 14. f5 Bf7 15.
Nf4 Ne5 16. Nxe5 Bxe5 17. Qg4 Kh8 18. Qh4 c4 19. g4 cxd3 20. Nxd3 Nc6 21. g5
fxg5 22. Bxg5 Bc4 23. Rad1 Bf6 24. Rf3 Bxd3 25. Rfxd3 Rad8 26. Bxf6 gxf6 27. a3
Qe7 28. b4 a6 29. Qf4 Rd7 30. Kh1 Rfd8 31. Rg1 Qe5 32. Qh6 Rg8 33. Rg3 Rxg3 34.
hxg3 Rg7 35. Bf3 Qe7 36. g4 Rg5 37. Kg2 Ne5 38. Kf2 Nf7 39. Qh2 Rg8 40. Rd1 Rd8
41. Qf4 Qe5 42. Kg3 Kg7 43. Rc1 Rd7 44. Rc5 Qxf4+ 45. Kxf4 h6 46. Rd5 Ne5 47.
Be2 Kf7 48. Rxd7+ Nxd7 49. Bc4+ Ke7 50. Bd5 b6 51. Bc4 a5 52. Kg3 Ne5 53. Bb5
Kd6 54. Kf4 axb4 55. axb4 Ke7 56. Kg3 Kd8 57. Kf4 Kc7 58. Kg3 d3 59. Kh4 Kd6
60. Kh5 Ke7 61. Kxh6 Nxg4+ 62. Kg7 Ne5 63. Ba4 Nc4 64. Bd1 Nd6 65. e5 Ne8+ 66.
Kg6 fxe5 67. Kg5 Nf6 68. b5 Ne4+ 69. Kg6 Nf6 70. Kg5 Kf7 71. Bb3+ Kg7 72. Bd1
Ne4+  0-1

[Event "2. Bundesliga Ost 2017/2018"]
[Site "alle Wien"]
[Date "2018.04.07"]
[Round "10"]
[Board "4"]
[White "Todor, Razvan"]
[Black "Chirita-Mihaila, Marius-Consta"]
[Result "1-0"]
[WhiteElo "2144"]
[BlackElo "2086"]
[PlyCount "91"]
[EventDate "2017.10.21"]
[EventType "team"]
[EventRounds "11"]
[EventCountry "AUT"]
[WhiteTeam "SK Hietzing"]
[BlackTeam "tschaturanga"]

1. d4 c5 2. dxc5 Qa5+ 3. Nd2 g6 4. Ngf3 Bg7 5. g3 Nf6 6. Bg2 O-O 7. O-O Qxc5 8.
c4 d6 9. a3 a5 10. b4 Qh5 11. Bb2 Bh3 12. Qb3 Bxg2 13. Kxg2 Nbd7 14. h3 d5 15.
Rac1 axb4 16. axb4 dxc4 17. Rxc4 Qb5 18. e4 e5 19. Rfc1 Rfd8 20. Rc7 Rf8 21.
Qc4 Qxc4 22. Nxc4 b5 23. Nd6 Ra4 24. Nxe5 Nxe5 25. Bxe5 Ne8 26. Bxg7 Kxg7 27.
Nxe8+ Rxe8 28. Rd1 Rxb4 29. Rdd7 Rf8 30. e5 Re4 31. f4 h5 32. Kf3 Re1 33. Rb7
Kg8 34. g4 hxg4+ 35. Kxg4 Rg1+ 36. Kf3 Ra8 37. Rxf7 Ra3+ 38. Ke4 Re1+ 39. Kd5
Rd1+ 40. Kc5 Rc3+ 41. Kb6 b4 42. Rg7+ Kf8 43. Rxg6 b3 44. Ka7 Ra1+ 45. Kb8 Rxh3
46. Rc6  1-0

[Event "2. Bundesliga Ost 2017/2018"]
[Site "alle Wien"]
[Date "2018.04.07"]
[Round "10"]
[Board "5"]
[White "Leitner, Gerald"]
[Black "Stadler, Peter"]
[Result "1/2-1/2"]
[WhiteElo "2118"]
[BlackElo "2035"]
[PlyCount "124"]
[EventDate "2017.10.21"]
[EventType "team"]
[EventRounds "11"]
[EventCountry "AUT"]
[WhiteTeam "tschaturanga"]
[BlackTeam "SK Hietzing"]

1. c4 Nf6 2. Nc3 g6 3. e4 d6 4. d4 Bg7 5. Nf3 O-O 6. Be2 e5 7. O-O Nc6 8. d5
Ne7 9. Ne1 Nd7 10. Nd3 f5 11. Bd2 Nf6 12. f3 f4 13. c5 g5 14. Rc1 Ng6 15. cxd6
cxd6 16. Nf2 h5 17. h3 Rf7 18. Qb3 Bf8 19. Rc2 Rg7 20. Rfc1 g4 21. fxg4 hxg4
22. Bxg4 Nxg4 23. hxg4 Qh4 24. Ncd1 Bxg4 25. Nxg4 Qxg4 26. Nf2 Qg5 27. Rc7 Be7
28. Rxb7 Nh4 29. g4 Rf8 30. Rcc7 Ng6 31. Rxa7 Rh7 32. Rc3 Rh4 33. Qd1 Qh6 34.
Qf1 Kf7 35. Rh3 Rh8 36. Raa3 Rxh3 37. Rxh3 Bh4 38. Nd3 Qg5 39. Qd1 Rc8 40. b3
Rc2 41. Rxh4 Rxd2 42. Rh7+ Kg8 43. Qxd2 Qxg4+ 44. Qg2 Qd1+ 45. Qf1 Qg4+ 46. Qg2
Qd1+ 47. Kh2 Kxh7 48. Qh3+ Kg7 49. Nf2 Qc2 50. Kg1 Qb1+ 51. Kg2 Qxa2 52. Qd7+
Kh6 53. Qh3+ Kg7 54. b4 Qb2 55. Qd7+ Kh6 56. Qxd6 Kg5 57. Qd8+ Kh5 58. Qe8 Kg5
59. Qg8 Kh5 60. Qh7+ Kg5 61. Qg7 Kh5 62. Qh7+ Kg5  1/2-1/2

[Event "2. Bundesliga Ost 2017/2018"]
[Site "alle Wien"]
[Date "2018.04.07"]
[Round "10"]
[Board "6"]
[White "Prager, Manfred"]
[Black "Rother, Moritz"]
[Result "1/2-1/2"]
[WhiteElo "2017"]
[BlackElo "2106"]
[PlyCount "30"]
[EventDate "2017.10.21"]
[EventType "team"]
[EventRounds "11"]
[EventCountry "AUT"]
[WhiteTeam "SK Hietzing"]
[BlackTeam "tschaturanga"]

1. e4 c5 2. Nf3 d6 3. d4 cxd4 4. Nxd4 Nf6 5. Nc3 a6 6. Be2 e5 7. Nb3 Be7 8. O-O
O-O 9. Be3 Be6 10. f4 exf4 11. Bxf4 Nc6 12. Kh1 d5 13. exd5 Nxd5 14. Nxd5 Bxd5
15. Bf3 Bc5  1/2-1/2

[Event "2. Bundesliga Ost 2017/2018"]
[Site "alle Wien"]
[Date "2018.04.07"]
[Round "10"]
[Board "1"]
[White "Schroll, Gerhard"]
[Black "Neubauer, Martin"]
[Result "1/2-1/2"]
[WhiteElo "2293"]
[BlackElo "2439"]
[PlyCount "59"]
[EventDate "2017.10.21"]
[EventType "team"]
[EventRounds "11"]
[EventCountry "AUT"]
[WhiteTeam "ASVOE Mattersburg"]
[BlackTeam "L.A. Kraftanlage Ottakring 2"]

1. b3 e5 2. Bb2 Nc6 3. c4 Nf6 4. e3 d5 5. cxd5 Nxd5 6. a3 Bd6 7. d3 O-O 8. Nd2
f5 9. Ngf3 Qe7 10. Nc4 Kh8 11. Be2 Bd7 12. g3 Rae8 13. d4 e4 14. Nfe5 Bxe5 15.
Nxe5 Nxe5 16. dxe5 Be6 17. O-O a5 18. Qc2 c5 19. Rfd1 b6 20. Rd2 Qf7 21. Bb5
Re7 22. Rad1 Nc7 23. Bc4 b5 24. Bxe6 Nxe6 25. h4 g5 26. hxg5 Kg8 27. a4 Qh5 28.
axb5 Nxg5 29. Qc4+ Re6 30. Kf1  1/2-1/2

[Event "2. Bundesliga Ost 2017/2018"]
[Site "alle Wien"]
[Date "2018.04.07"]
[Round "10"]
[Board "3"]
[White "Brod, Manfred"]
[Black "Plank, Franz"]
[Result "1/2-1/2"]
[WhiteElo "2244"]
[BlackElo "2197"]
[PlyCount "35"]
[EventDate "2017.10.21"]
[EventType "team"]
[EventRounds "11"]
[EventCountry "AUT"]
[WhiteTeam "ASVOE Mattersburg"]
[BlackTeam "L.A. Kraftanlage Ottakring 2"]

1. e4 d5 2. exd5 Qxd5 3. Nc3 Qa5 4. d4 Nf6 5. Bc4 Bg4 6. f3 Bd7 7. Bd2 Qb6 8.
Qe2 Qxd4 9. O-O-O Qc5 10. g4 h6 11. h4 e6 12. Nh3 Nc6 13. g5 Nh5 14. Ne4 Qb6
15. gxh6 O-O-O 16. Be3 Qa5 17. Rhg1 gxh6 18. Nhf2  1/2-1/2

[Event "2. Bundesliga Ost 2017/2018"]
[Site "alle Wien"]
[Date "2018.04.07"]
[Round "10"]
[Board "4"]
[White "Scheffknecht, Philipp"]
[Black "Salamon, Werner"]
[Result "0-1"]
[WhiteElo "2129"]
[BlackElo "2162"]
[PlyCount "66"]
[EventDate "2017.10.21"]
[EventType "team"]
[EventRounds "11"]
[EventCountry "AUT"]
[WhiteTeam "L.A. Kraftanlage Ottakring 2"]
[BlackTeam "ASVOE Mattersburg"]

1. Nf3 d5 2. g3 Nf6 3. Bg2 Bf5 4. O-O e6 5. b3 c5 6. e3 Nc6 7. Bb2 Be7 8. d3 h6
9. Qe2 O-O 10. Nbd2 Bg6 11. Rfd1 Nd7 12. c4 Bf6 13. Bxf6 Nxf6 14. a3 Qa5 15. d4
cxd4 16. Nxd4 Nxd4 17. exd4 Rfd8 18. b4 Qa4 19. Rdc1 a5 20. b5 Rac8 21. Qe3
dxc4 22. Bxb7 Qxb5 23. Bxc8 Rxc8 24. a4 Qa6 25. f3 Nd5 26. Qf2 c3 27. Nb3 Rb8
28. Nc5 Qc4 29. Ra2 Rb1 30. Rxb1 Bxb1 31. Rc2 Bxc2 32. Qxc2 Qxd4+ 33. Qf2 Ne3
 0-1

[Event "2. Bundesliga Ost 2017/2018"]
[Site "alle Wien"]
[Date "2018.04.07"]
[Round "10"]
[Board "5"]
[White "Wiedner, Robert"]
[Black "Peyrer, Konstantin"]
[Result "1-0"]
[WhiteElo "2157"]
[BlackElo "2133"]
[PlyCount "79"]
[EventDate "2017.10.21"]
[EventType "team"]
[EventRounds "11"]
[EventCountry "AUT"]
[WhiteTeam "ASVOE Mattersburg"]
[BlackTeam "L.A. Kraftanlage Ottakring 2"]

1. Nf3 Nf6 2. c4 c5 3. d4 cxd4 4. Nxd4 g6 5. Nc3 Bg7 6. g3 O-O 7. Bg2 Nc6 8.
O-O d6 9. Nc2 Nd7 10. Bd2 a5 11. Rc1 Nc5 12. b3 Nb4 13. Nxb4 axb4 14. Nd5 Rxa2
15. Bxb4 e6 16. Nc3 Ra8 17. Nb5 Ra6 18. Qc2 Qb6 19. Rfd1 Rd8 20. Bc3 Bxc3 21.
Qxc3 Ra2 22. Bf3 Qa6 23. h4 e5 24. Bd5 Bg4 25. Bf3 Bf5 26. Ra1 Rxa1 27. Rxa1
Qb6 28. Bd5 Bd7 29. Qf3 Rf8 30. b4 Ne6 31. Ra5 Bc6 32. e3 Nc7 33. Nxc7 Qxc7 34.
c5 Rc8 35. cxd6 Qd7 36. Rc5 Kg7 37. Bxc6 Rxc6 38. Rxe5 Qxd6 39. Re4 Rc1+ 40.
Kh2  1-0

[Event "2. Bundesliga Ost 2017/2018"]
[Site "alle Wien"]
[Date "2018.04.07"]
[Round "10"]
[Board "6"]
[White "Mayrhuber, Tobias"]
[Black "Savio, Alfred Jun."]
[Result "1/2-1/2"]
[WhiteElo "1963"]
[BlackElo "1991"]
[PlyCount "50"]
[EventDate "2017.10.21"]
[EventType "team"]
[EventRounds "11"]
[EventCountry "AUT"]
[WhiteTeam "L.A. Kraftanlage Ottakring 2"]
[BlackTeam "ASVOE Mattersburg"]

1. e4 c6 2. d4 d5 3. Nc3 dxe4 4. Nxe4 Bf5 5. Ng3 Bg6 6. Nf3 Nd7 7. h4 h6 8. h5
Bh7 9. Bd3 Bxd3 10. Qxd3 e6 11. Bf4 Qa5+ 12. Bd2 Qc7 13. O-O-O O-O-O 14. c4
Ngf6 15. Ne4 Nxe4 16. Qxe4 Nf6 17. Qe2 c5 18. Bc3 Be7 19. Ne5 Nd7 20. Kb1 Nxe5
21. dxe5 Rxd1+ 22. Rxd1 Rd8 23. Rxd8+ Bxd8 24. Qg4 Qd7 25. Kc2 Qa4+  1/2-1/2

[Event "2. Bundesliga Ost 2017/2018"]
[Site "alle Wien"]
[Date "2018.04.08"]
[Round "11"]
[Board "1"]
[White "Neubauer, Martin"]
[Black "Jankovic, Alojzije"]
[Result "1/2-1/2"]
[WhiteElo "2439"]
[BlackElo "2568"]
[PlyCount "48"]
[EventDate "2017.10.21"]
[EventType "team"]
[EventRounds "11"]
[EventCountry "AUT"]
[WhiteTeam "L.A. Kraftanlage Ottakring 2"]
[BlackTeam "SK Advisory Invest Baden"]

1. e4 c5 2. Nf3 e6 3. c3 Nf6 4. e5 Nd5 5. d4 cxd4 6. cxd4 d6 7. Bc4 Nc6 8. O-O
Be7 9. exd6 Qxd6 10. Nc3 O-O 11. Bb3 Rd8 12. Nxd5 exd5 13. Ne5 Nxe5 14. Bf4 Bg4
15. Bxe5 Bxd1 16. Bxd6 Rxd6 17. Rfxd1 a5 18. a4 Rad8 19. Rac1 Rc6 20. Rc3 Bb4
21. Re3 Rb6 22. Kf1 Kf8 23. Ba2 Be7 24. Rb3 Bb4  1/2-1/2

[Event "2. Bundesliga Ost 2017/2018"]
[Site "alle Wien"]
[Date "2018.04.08"]
[Round "11"]
[Board "2"]
[White "Ly, Dominik"]
[Black "Beck, Hartmuth"]
[Result "1/2-1/2"]
[WhiteElo "2286"]
[BlackElo "2324"]
[PlyCount "133"]
[EventDate "2017.10.21"]
[EventType "team"]
[EventRounds "11"]
[EventCountry "AUT"]
[WhiteTeam "SK Advisory Invest Baden"]
[BlackTeam "L.A. Kraftanlage Ottakring 2"]

1. e4 d5 2. exd5 Qxd5 3. Nc3 Qd6 4. d4 Nf6 5. Nf3 a6 6. Bd3 Nc6 7. h3 Nb4 8.
Bc4 Bf5 9. Bb3 e6 10. Qe2 h6 11. a3 Nbd5 12. Nxd5 Nxd5 13. Ne5 Be7 14. Bd2 Bg5
15. O-O-O O-O 16. Bxg5 hxg5 17. Kb1 b5 18. g4 Bh7 19. h4 Nf4 20. Qe3 f6 21. Nf3
gxh4 22. Rxh4 Rfe8 23. Rh2 Bg6 24. Rdh1 Kf7 25. g5 Nd5 26. Qe1 Qf4 27. Nh4 fxg5
28. Nxg6 Kxg6 29. c3 Kf7 30. Qe2 Nf6 31. f3 c6 32. Rg2 Re7 33. Rhg1 g4 34. fxg4
Qe4+ 35. Qxe4 Nxe4 36. Rf1+ Ke8 37. Re1 Ng5 38. Re5 Nf7 39. Rxe6 Rxe6 40. Bxe6
Ng5 41. Bf5 Ke7 42. Re2+ Kd6 43. Re5 Rf8 44. Kc2 Rf6 45. a4 Nf7 46. Re8 bxa4
47. Bc8 a5 48. Kb1 Kc7 49. Bf5 Nd6 50. Re7+ Kb6 51. Bd3 Rf7 52. Re6 Rf6 53. Re7
Rf7 54. Re5 Rf3 55. Be2 Rf2 56. Ka2 Nf7 57. Re7 Ng5 58. c4 c5 59. d5 Nf7 60.
Ka3 Nd6 61. Kxa4 Rf4 62. Re6 Rf6 63. g5 Rxe6 64. dxe6 Nf5 65. Bf3 Ne7 66. Be4
Nc8 67. b3  1/2-1/2

[Event "2. Bundesliga Ost 2017/2018"]
[Site "alle Wien"]
[Date "2018.04.08"]
[Round "11"]
[Board "3"]
[White "Plank, Franz"]
[Black "Dzierzenga, Stefan"]
[Result "1/2-1/2"]
[WhiteElo "2197"]
[BlackElo "2191"]
[PlyCount "38"]
[EventDate "2017.10.21"]
[EventType "team"]
[EventRounds "11"]
[EventCountry "AUT"]
[WhiteTeam "L.A. Kraftanlage Ottakring 2"]
[BlackTeam "SK Advisory Invest Baden"]

1. e4 e6 2. d4 d5 3. Qd3 dxe4 4. Qxe4 Nf6 5. Qd3 c5 6. Nf3 Nc6 7. dxc5 Qxd3 8.
Bxd3 Bxc5 9. a3 O-O 10. Nc3 h6 11. O-O a6 12. Re1 b5 13. Ne4 Nxe4 14. Bxe4 Bb7
15. Ne5 Nxe5 16. Bxb7 Ra7 17. Rxe5 Bd6 18. Re2 Rxb7 19. Be3 Rc8  1/2-1/2

[Event "2. Bundesliga Ost 2017/2018"]
[Site "alle Wien"]
[Date "2018.04.08"]
[Round "11"]
[Board "4"]
[White "Zojer, Stefan"]
[Black "Scheffknecht, Philipp"]
[Result "1-0"]
[WhiteElo "2128"]
[BlackElo "2129"]
[PlyCount "51"]
[EventDate "2017.10.21"]
[EventType "team"]
[EventRounds "11"]
[EventCountry "AUT"]
[WhiteTeam "SK Advisory Invest Baden"]
[BlackTeam "L.A. Kraftanlage Ottakring 2"]

1. d4 Nf6 2. Bg5 d5 3. e3 e6 4. Nf3 Be7 5. Bd3 c5 6. c3 Nc6 7. Nbd2 O-O 8. O-O
Re8 9. Ne5 Nxe5 10. dxe5 Nd7 11. Bxe7 Qxe7 12. f4 f6 13. exf6 gxf6 14. Rf3 Nf8
15. Rg3+ Kh8 16. Qh5 Bd7 17. e4 Bc6 18. e5 Rad8 19. Nf3 d4 20. Qg4 Qf7 21. exf6
Ng6 22. Bxg6 hxg6 23. Qh4+ Qh7 24. Qxh7+ Kxh7 25. Ng5+ Kh6 26. Rh3#  1-0

[Event "2. Bundesliga Ost 2017/2018"]
[Site "alle Wien"]
[Date "2018.04.08"]
[Round "11"]
[Board "5"]
[White "Peyrer, Konstantin"]
[Black "Hofegger, Jakob"]
[Result "1/2-1/2"]
[WhiteElo "2133"]
[BlackElo "2117"]
[PlyCount "77"]
[EventDate "2017.10.21"]
[EventType "team"]
[EventRounds "11"]
[EventCountry "AUT"]
[WhiteTeam "L.A. Kraftanlage Ottakring 2"]
[BlackTeam "SK Advisory Invest Baden"]

1. d4 Nf6 2. Bf4 g6 3. Nc3 d5 4. e3 Bg7 5. h4 O-O 6. h5 c5 7. hxg6 hxg6 8. dxc5
Nc6 9. Bh6 e5 10. Bxg7 Kxg7 11. Qd2 Rh8 12. Rxh8 Kxh8 13. Nf3 Bg4 14. Ng5 Kg7
15. f3 Be6 16. Nb5 Nd7 17. Nxe6+ fxe6 18. c4 d4 19. exd4 exd4 20. O-O-O e5 21.
f4 a6 22. Nd6 Nxc5 23. fxe5 a5 24. Be2 Qe7 25. Bf3 Ne6 26. Bd5 Rf8 27. Rh1 Ng5
28. Nxb7 Nxe5 29. Qxd4 Qf6 30. Qh4 Nd3+ 31. Kd2 Qxb2+ 32. Kxd3 Qa3+ 33. Kd4
Qb2+ 34. Kc5 Rc8+ 35. Bc6 Qe5+ 36. Kb6 Qc7+ 37. Ka7 Qb8+ 38. Kb6 Qc7+ 39. Ka7
 1/2-1/2

[Event "2. Bundesliga Ost 2017/2018"]
[Site "alle Wien"]
[Date "2018.04.08"]
[Round "11"]
[Board "6"]
[White "Herndlbauer, Martin"]
[Black "Mayrhuber, Tobias"]
[Result "1/2-1/2"]
[WhiteElo "2079"]
[BlackElo "1963"]
[PlyCount "56"]
[EventDate "2017.10.21"]
[EventType "team"]
[EventRounds "11"]
[EventCountry "AUT"]
[WhiteTeam "SK Advisory Invest Baden"]
[BlackTeam "L.A. Kraftanlage Ottakring 2"]

1. Nf3 Nf6 2. c4 c6 3. e3 d5 4. Nc3 a6 5. d4 Bf5 6. Nh4 Bg4 7. f3 Bc8 8. f4 e6
9. Nf3 dxc4 10. Bxc4 b5 11. Be2 c5 12. Ne5 cxd4 13. Bf3 Ra7 14. exd4 Bb4 15.
O-O Rc7 16. a4 Bb7 17. Bxb7 Rxb7 18. axb5 axb5 19. Ra8 Qb6 20. Qf3 O-O 21. Kh1
Rc7 22. Bd2 Nc6 23. Rxf8+ Bxf8 24. d5 Nd4 25. Be3 Nxf3 26. Bxb6 Rb7 27. Nxf3
Rxb6 28. dxe6 fxe6  1/2-1/2

[Event "2. Bundesliga Ost 2017/2018"]
[Site "alle Wien"]
[Date "2018.04.08"]
[Round "11"]
[Board "2"]
[White "Certek, Pavel"]
[Black "Djeno, Drago"]
[Result "0-1"]
[WhiteElo "2256"]
[BlackElo "2238"]
[PlyCount "86"]
[EventDate "2017.10.21"]
[EventType "team"]
[EventRounds "11"]
[EventCountry "AUT"]
[WhiteTeam "ASVOE Mattersburg"]
[BlackTeam "SK Hietzing"]

1. Nf3 Nf6 2. d4 g6 3. g3 Bg7 4. Bg2 c5 5. c3 Na6 6. O-O O-O 7. b3 Rb8 8. Bb2
d6 9. Nbd2 Bd7 10. Re1 b5 11. c4 bxc4 12. Nxc4 Be6 13. Nfd2 Qd7 14. dxc5 Nxc5
15. Rc1 Rfc8 16. Bd4 Rc7 17. Bc3 Bg4 18. Nf1 Bh3 19. Bf3 Nce4 20. Bb2 Ng5 21.
Bh1 Bxf1 22. Rxf1 Nh3+ 23. Kg2 Rb5 24. Bxf6 Bxf6 25. Ne3 Rxc1 26. Qxc1 Rh5 27.
Qc4 Ng5 28. Qg4 Ne6 29. Rd1 Ra5 30. Rd2 Bg5 31. Qf3 Bxe3 32. Qxe3 Qc6+ 33. Qf3
Qc1 34. Qd3 Qa1 35. Qc2 Rc5 36. Qb2 Qe1 37. Rc2 Nd4 38. Rxc5 dxc5 39. e3 Ne2
40. Kh3 Qf1+ 41. Kg4 Qxf2 42. Qe5 h5+ 43. Kh3 Ng1+  0-1

[Event "2. Bundesliga Ost 2017/2018"]
[Site "alle Wien"]
[Date "2018.04.08"]
[Round "11"]
[Board "3"]
[White "Belke, Frank"]
[Black "Brod, Manfred"]
[Result "1-0"]
[WhiteElo "2299"]
[BlackElo "2244"]
[PlyCount "81"]
[EventDate "2017.10.21"]
[EventType "team"]
[EventRounds "11"]
[EventCountry "AUT"]
[WhiteTeam "SK Hietzing"]
[BlackTeam "ASVOE Mattersburg"]

1. d4 Nf6 2. c4 g6 3. Nc3 d5 4. Nf3 Bg7 5. Bg5 Ne4 6. cxd5 Nxg5 7. Nxg5 e6 8.
Qd2 h6 9. Nh3 exd5 10. Qe3+ Kf8 11. Nf4 c5 12. Qf3 cxd4 13. Ncxd5 Kg8 14. g3
Nc6 15. a3 d3 16. Qxd3 Bxb2 17. Ra2 Qa5+ 18. Qd2 Qxd2+ 19. Kxd2 Be5 20. Bg2 Kg7
21. Rd1 Rd8 22. Ke1 Bf5 23. e4 Bg4 24. f3 Be6 25. Rad2 Na5 26. Rd3 Rac8 27.
Nxe6+ fxe6 28. f4 Bb2 29. Ne3 Rxd3 30. Rxd3 Rc3 31. Rd7+ Kf8 32. Nd1 Rc2 33.
Nxb2 Rxb2 34. Bh3 Rxh2 35. Bxe6 Rg2 36. g4 Rg3 37. Kf2 Rxa3 38. f5 gxf5 39.
gxf5 Nc6 40. f6 Ra4 41. Rh7  1-0

[Event "2. Bundesliga Ost 2017/2018"]
[Site "alle Wien"]
[Date "2018.04.08"]
[Round "11"]
[Board "4"]
[White "Salamon, Werner"]
[Black "Todor, Razvan"]
[Result "1/2-1/2"]
[WhiteElo "2162"]
[BlackElo "2144"]
[PlyCount "59"]
[EventDate "2017.10.21"]
[EventType "team"]
[EventRounds "11"]
[EventCountry "AUT"]
[WhiteTeam "ASVOE Mattersburg"]
[BlackTeam "SK Hietzing"]

1. e4 c5 2. c3 d5 3. exd5 Qxd5 4. d4 Nf6 5. Nf3 e6 6. Be2 Nc6 7. O-O cxd4 8.
cxd4 Be7 9. Nc3 Qd6 10. Re1 O-O 11. Bf1 a6 12. g3 Rd8 13. Bg2 Nxd4 14. Bf4 Qb4
15. Nxd4 Rxd4 16. Qc2 Bd7 17. a3 Qc4 18. Bxb7 Ra7 19. Bg2 Rxf4 20. gxf4 Bd6 21.
Qd2 Bxf4 22. Qe2 Qc5 23. Rad1 Qg5 24. Ne4 Qh4 25. Nxf6+ gxf6 26. h3 e5 27. Qf3
Rc7 28. Qa8+ Rc8 29. Qf3 Bf5 30. Re4  1/2-1/2

[Event "2. Bundesliga Ost 2017/2018"]
[Site "alle Wien"]
[Date "2018.04.08"]
[Round "11"]
[Board "5"]
[White "Stadler, Peter"]
[Black "Wiedner, Robert"]
[Result "1/2-1/2"]
[WhiteElo "2035"]
[BlackElo "2157"]
[PlyCount "65"]
[EventDate "2017.10.21"]
[EventType "team"]
[EventRounds "11"]
[EventCountry "AUT"]
[WhiteTeam "SK Hietzing"]
[BlackTeam "ASVOE Mattersburg"]

1. d4 Nf6 2. Nf3 b5 3. Bf4 e6 4. e3 a6 5. Bd3 Bb7 6. h3 c5 7. c3 c4 8. Bc2 Ne4
9. Nbd2 Nxd2 10. Qxd2 f5 11. Qe2 d5 12. g4 Qc8 13. Ne5 g6 14. h4 Be7 15. O-O-O
Nc6 16. Rdg1 Bf6 17. gxf5 exf5 18. h5 Bxe5 19. hxg6 hxg6 20. dxe5 Kf7 21. f3
Qe6 22. Qg2 Rag8 23. e4 dxe4 24. fxe4 Rxh1 25. Rxh1 Nxe5 26. Rh7+ Rg7 27. Qh3
Ng4 28. exf5 Qe1+ 29. Bd1 Qxd1+ 30. Kxd1 Nf2+ 31. Ke2 Nxh3 32. fxg6+ Kxg6 33.
Rxh3  1/2-1/2

[Event "2. Bundesliga Ost 2017/2018"]
[Site "alle Wien"]
[Date "2018.04.08"]
[Round "11"]
[Board "6"]
[White "Plank, Reinhard"]
[Black "Prager, Manfred"]
[Result "1-0"]
[WhiteElo "1903"]
[BlackElo "2017"]
[PlyCount "109"]
[EventDate "2017.10.21"]
[EventType "team"]
[EventRounds "11"]
[EventCountry "AUT"]
[WhiteTeam "ASVOE Mattersburg"]
[BlackTeam "SK Hietzing"]

1. d4 Nf6 2. c3 d5 3. e3 e6 4. f4 c5 5. Bd3 Bd6 6. Nf3 O-O 7. O-O b6 8. Qe2 Bb7
9. Ne5 Nbd7 10. Nd2 Ne4 11. Bb5 Ndf6 12. Rf3 Qc7 13. Rh3 a6 14. Bd3 b5 15. g4
g6 16. g5 Ne8 17. Qg4 Ng7 18. Qh4 Nh5 19. Nxe4 dxe4 20. Be2 f6 21. Bxh5 fxe5
22. Bxg6 exd4 23. Bxh7+ Kf7 24. Qh6 Bd5 25. Qf6+ Ke8 26. Bg6+ Rf7 27. Rh8+ Bf8
28. Bxf7+ Qxf7 29. Qxf7+ Kxf7 30. cxd4 cxd4 31. exd4 Rc8 32. Rh7+ Bg7 33. Be3
Kg6 34. Rh3 Rc2 35. b3 a5 36. Rg3 a4 37. bxa4 bxa4 38. a3 Re2 39. Bf2 Kf5 40.
Be3 Rxe3 41. Rxe3 Bxd4 42. Rae1 Kxf4 43. Kf2 e5 44. g6 Be6 45. h4 Bg4 46. g7
Be6 47. h5 Bg8 48. h6 Bh7 49. Rb1 Bxe3+ 50. Ke2 Bg8 51. Rb8 Bc4+ 52. Ke1 Kf3
53. Rf8+ Bf4 54. h7 Ke3 55. g8=Q  1-0

[Event "2. Bundesliga Ost 2017/2018"]
[Site "alle Wien"]
[Date "2018.04.08"]
[Round "11"]
[Board "1"]
[White "Stanec, Nikolaus"]
[Black "Sadilek, Peter"]
[Result "1-0"]
[WhiteElo "2470"]
[BlackElo "2298"]
[PlyCount "63"]
[EventDate "2017.10.21"]
[EventType "team"]
[EventRounds "11"]
[EventCountry "AUT"]
[WhiteTeam "SC Donaustadt"]
[BlackTeam "tschaturanga"]

1. c4 Nf6 2. Nc3 c5 3. Nf3 g6 4. d4 cxd4 5. Nxd4 Bg7 6. g3 O-O 7. Bg2 Qc7 8.
Qd3 Nc6 9. Nxc6 dxc6 10. O-O Rd8 11. Qc2 Bf5 12. e4 Be6 13. Ne2 Qa5 14. Nf4 Bc8
15. Nd3 Ng4 16. Bf4 Rd4 17. h3 Nf6 18. Be3 Rxe4 19. Bxe4 Nxe4 20. Kg2 Ng5 21.
Bxg5 Qxg5 22. Rad1 Bf5 23. Qe2 h5 24. Rfe1 Rd8 25. b3 Bc3 26. Rf1 Qf6 27. Nf4
e5 28. Rxd8+ Qxd8 29. Qf3 Qd4 30. Ne2 Qe4 31. Qxe4 Bxe4+ 32. f3  1-0